Vista normal
Vista MARC
Entrada Nombre corporativo
Número de registros utilizados en: 1
001 - NÚMERO DE CONTROL
- campo de control: 65050
003 - IDENTIFICADOR DEL NÚMERO DE CONTROL
- campo de control: OSt
005 - FECHA Y HORA DE LA ÚLTIMA TRANSACCIÓN
- campo de control: 20200615035522.0
008 - DATOS DE LONGITUD FIJA
- campo de control de longitud fija: 200615|| aca||aabn | a|a d
040 ## - FUENTE DE LA CATALOGACIÓN
- Centro catalogador/agencia de origen: OSt
- Centro/agencia transcriptor: OSt
110 ## - ENCABEZAMIENTO-NOMBRE DE ENTIDAD CORPORATIVA
- Nombre de entidad corporativa o nombre de jurisdicción como elemento de entrada: Cumbre extraordinaria de jefes de estado y de gobierno de Centroamerica, Belice y República Dominicana
- Fecha del congreso/reunión o de la firma de un tratado: (1997 : 5-6 nov.
- Sede del congreso/Lugar de la reunión: Santo Domingo )
670 ## - FUENTE DE DATOS ENCONTRADOS
- Cita de la fuente: Work cat.: (OSt)38241: Cumbre extraordinaria de jefes de estado y de gobierno de Centroamerica, Belice y República Dominicana (1997 : 5-6 nov. Santo Domingo ), Cumbre extraordinaria de jefes de estado y de gobierno de Centroamerica, Belice y República Dominicana :, 1998.
